| 000 -CABECERA |
| fixed length control field |
00947nam a22002297i 4500 |
| 003 - IDENTIFICADOR DEL NÚMERO DE CONTROL |
| control field |
AR-CdUCM |
| 008 - DATOS DE LONGITUD FIJA--INFORMACIÓN GENERAL |
| fixed length control field |
240910b pe||||| |||| 00| 0 spa d |
| 040 ## - FUENTE DE LA CATALOGACIÓN |
| Agencia/entidad que catalogó originalmente la obra |
MUNICIPALIDAD PROVINCIAL DEL CUSCO |
| Entidad que transcribió la catalogación |
BIBLIOTECA MUNICIPAL DEL CUSCO |
| 082 ## - NÚMERO DE LA CLASIFICACIÓN DECIMAL DEWEY |
| No. de Clasificación |
503 / O85 |
| Notacion interna |
O85 |
| 100 ## - ENTRADA PRINCIPAL--NOMBRE DE PERSONA |
| Nombre Personal |
Otalvaro, Patricia Sandra (Compilador). | Rozo, Humberto (Compilador). |
| 245 ## - MENCIÓN DE TÍTULO |
| Título |
Diccionario Textil : |
| Resto del título |
Su Asesor / |
| 300 ## - DESCRIPCIÓN FÍSICA |
| Nº de Páginas Extensión |
747 páginas. : |
| Dimensiones |
21 cm. |
| 505 ## - NOTA DE CONTENIDO CON FORMATO |
| Nota de contenido formateada |
Aspe -- Blanqueo al ancho -- Bobinadora -- Cámara de polimerizar resinas sintéticas -- Carda -- Circulares con ruedas de platinas -- Colorímetro -- Continua de hilar -- Continua de retorcer y torcer -- Chamuscadora -- Dralón |
| 650 ## - PUNTO DE ACCESO ADICIONAL DE MATERIA--TÉRMINO DE MATERIA |
| Descriptor |
Diccionario Textil |
| 9 (RLIN) |
50330 |
| 650 ## - PUNTO DE ACCESO ADICIONAL DE MATERIA--TÉRMINO DE MATERIA |
| Descriptor |
Química Aplicada |
| 9 (RLIN) |
50331 |
| 650 ## - PUNTO DE ACCESO ADICIONAL DE MATERIA--TÉRMINO DE MATERIA |
| Descriptor |
Tejidos |
| 9 (RLIN) |
40187 |
| 650 ## - PUNTO DE ACCESO ADICIONAL DE MATERIA--TÉRMINO DE MATERIA |
| Descriptor |
Colorimetría |
| 9 (RLIN) |
50332 |
| 650 ## - PUNTO DE ACCESO ADICIONAL DE MATERIA--TÉRMINO DE MATERIA |
| Descriptor |
Técnicas de tejido |
| 9 (RLIN) |
50333 |
| 942 ## - ELEMENTOS DE PUNTO DE ACCESO ADICIONAL (KOHA) |
| Fuente de clasificación |
|
| Tipo de item |
Libros-BMC |
| 945 ## - PROCESAMIENTO DE INFORMACIÓN LOCAL (OCLC) |
| Catalogador |
pbj |
| AAAA-MM-DD - Fecha de ingreso o modificacion |
2024-09-10 |